000 00544nam a2200217Ia 4500
003 0100
008 130303s9999 xx 000 0 und d
020 _a0836119657
040 _cARRUPELIB
050 _aBJ1476.A94 1981
100 _aAugsburger, Davd W
245 _aCaring enough to forgive / Caring enough to not forgive
245 _btrue forgiveness / false forgiveness
260 _aVentura , California
260 _bRegal Books
260 _C1981
300 _a173p.
300 _b 21 cm.
650 _aETHICS
942 0 0 _01
999 _c9711
_d9711